<?xml version="1.0" encoding="UTF-8"?>
<record
    xmlns:xsi="http://www.w3.org/2001/XMLSchema-instance"
    xsi:schemaLocation="http://www.loc.gov/MARC21/slim http://www.loc.gov/standards/marcxml/schema/MARC21slim.xsd"
    xmlns="http://www.loc.gov/MARC21/slim">

  <leader>01314nam0a22002891  4500</leader>
  <controlfield tag="001">v19\rc\1407274</controlfield>
  <controlfield tag="005">20260405211002.0</controlfield>
  <datafield tag="035" ind1=" " ind2=" ">
    <subfield code="a">(NLR Aleph) 005206628</subfield>
  </datafield>
  <datafield tag="090" ind1=" " ind2=" ">
    <subfield code="a">5365157</subfield>
    <subfield code="c">5365157</subfield>
  </datafield>
  <datafield tag="100" ind1=" " ind2=" ">
    <subfield code="a">20060512e18761876|||y0rusy50      ca</subfield>
  </datafield>
  <datafield tag="101" ind1="1" ind2=" ">
    <subfield code="a">rus</subfield>
    <subfield code="c">ger</subfield>
  </datafield>
  <datafield tag="102" ind1=" " ind2=" ">
    <subfield code="a">RU</subfield>
  </datafield>
  <datafield tag="105" ind1=" " ind2=" ">
    <subfield code="a">y   b   |||||</subfield>
  </datafield>
  <datafield tag="200" ind1="1" ind2=" ">
    <subfield code="a">&#x41A;&#x430;&#x442;&#x438;&#x445;&#x438;&#x437;&#x438;&#x441;, &#x438;&#x437;&#x434;&#x430;&#x43D;&#x43D;&#x44B;&#x439; &#x432; &#x411;&#x43E;&#x43D;&#x43D;&#x435; &#x43F;&#x43E; &#x43F;&#x43E;&#x440;&#x443;&#x447;&#x435;&#x43D;&#x438;&#x44E; &#x441;&#x442;&#x430;&#x440;&#x43E;&#x43A;&#x430;&#x442;&#x43E;&#x43B;&#x438;&#x447;&#x435;&#x441;&#x43A;&#x43E;&#x433;&#x43E; &#x441;&#x438;&#x43D;&#x43E;&#x434;&#x430;</subfield>
    <subfield code="f">&#x41F;&#x435;&#x440;. &#x441; &#x43D;&#x435;&#x43C;., &#x441; &#x43F;&#x440;&#x435;&#x434;&#x438;&#x441;&#x43B;. &#x43F;&#x435;&#x440;. [&#x41F;[&#x440;&#x43E;&#x442;]. &#x418;. &#x42F;[&#x43D;&#x44B;&#x448;&#x435;&#x432;]</subfield>
  </datafield>
  <datafield tag="210" ind1=" " ind2=" ">
    <subfield code="a">&#x421;&#x430;&#x43D;&#x43A;&#x442;-&#x41F;&#x435;&#x442;&#x435;&#x440;&#x431;&#x443;&#x440;&#x433;</subfield>
    <subfield code="c">&#x442;&#x438;&#x43F;. &#x414;&#x435;&#x43F;. &#x443;&#x434;&#x435;&#x43B;&#x43E;&#x432;</subfield>
    <subfield code="d">1876</subfield>
  </datafield>
  <datafield tag="215" ind1=" " ind2=" ">
    <subfield code="a">[2], 69 &#x441;.</subfield>
    <subfield code="d">16</subfield>
  </datafield>
  <datafield tag="311" ind1=" " ind2=" ">
    <subfield code="a">&#x418;&#x437; "&#x426;&#x435;&#x440;&#x43A;. &#x432;&#x435;&#x441;&#x442;&#x43D;." &#x2116; 6, 8, 9, 11 &#x438; 12</subfield>
  </datafield>
  <datafield tag="488" ind1=" " ind2="0">
    <subfield code="1">2001#$a&#x426;&#x435;&#x440;&#x43A;&#x43E;&#x432;&#x43D;&#x44B;&#x439; &#x432;&#x435;&#x441;&#x442;&#x43D;&#x438;&#x43A;$v&#x2116; 6, 8, 9, 11 &#x438; 12</subfield>
    <subfield code="t">&#x426;&#x435;&#x440;&#x43A;&#x43E;&#x432;&#x43D;&#x44B;&#x439; &#x432;&#x435;&#x441;&#x442;&#x43D;&#x438;&#x43A;</subfield>
  </datafield>
  <datafield tag="517" ind1="0" ind2=" ">
    <subfield code="a">&#x41A;&#x430;&#x442;&#x435;&#x445;&#x438;&#x437;&#x438;&#x441;, &#x438;&#x437;&#x434;&#x430;&#x43D;&#x43D;&#x44B;&#x439; &#x432; &#x411;&#x43E;&#x43D;&#x43D;&#x435; &#x43F;&#x43E; &#x43F;&#x43E;&#x440;&#x443;&#x447;&#x435;&#x43D;&#x438;&#x44E; &#x441;&#x442;&#x430;&#x440;&#x43E;&#x43A;&#x430;&#x442;&#x43E;&#x43B;&#x438;&#x447;&#x435;&#x441;&#x43A;&#x43E;&#x433;&#x43E; &#x441;&#x438;&#x43D;&#x43E;&#x434;&#x430;</subfield>
  </datafield>
  <datafield tag="702" ind1=" " ind2="1">
    <subfield code="4">730</subfield>
    <subfield code="4">080</subfield>
    <subfield code="8">rus</subfield>
    <subfield code="7">ca</subfield>
    <subfield code="a">&#x42F;&#x43D;&#x44B;&#x448;&#x435;&#x432;</subfield>
    <subfield code="b">&#x418;. &#x41B;.</subfield>
    <subfield code="f">1826-1910</subfield>
    <subfield code="g">&#x418;&#x432;&#x430;&#x43D; &#x41B;&#x435;&#x43E;&#x43D;&#x442;&#x44C;&#x435;&#x432;&#x438;&#x447;</subfield>
    <subfield code="3">RU\NLR\AUTH\7794123</subfield>
    <subfield code="9">77049</subfield>
  </datafield>
  <datafield tag="801" ind1=" " ind2="0">
    <subfield code="a">RU</subfield>
    <subfield code="b">NLR</subfield>
    <subfield code="c">20060512</subfield>
    <subfield code="g">psbo</subfield>
  </datafield>
  <datafield tag="801" ind1=" " ind2="0">
    <subfield code="a">RU</subfield>
    <subfield code="b">RuMoRGB</subfield>
    <subfield code="c">20060512</subfield>
    <subfield code="2">psbo</subfield>
  </datafield>
  <datafield tag="801" ind1=" " ind2="1">
    <subfield code="a">RU</subfield>
    <subfield code="b">ProSoft-M</subfield>
    <subfield code="c">20060512</subfield>
    <subfield code="2">rusmarc</subfield>
  </datafield>
  <datafield tag="801" ind1=" " ind2="2">
    <subfield code="a">RU</subfield>
    <subfield code="b">NLR</subfield>
    <subfield code="c">20101223</subfield>
    <subfield code="2">rusmarc</subfield>
  </datafield>
  <datafield tag="852" ind1=" " ind2=" ">
    <subfield code="a">NLR</subfield>
    <subfield code="j">58-2/355</subfield>
  </datafield>
  <datafield tag="942" ind1=" " ind2=" ">
    <subfield code="c">BOOK</subfield>
  </datafield>
  <datafield tag="980" ind1=" " ind2=" ">
    <subfield code="a">NB</subfield>
  </datafield>
  <datafield tag="995" ind1=" " ind2=" ">
    <subfield code="5">2013-10-26</subfield>
    <subfield code="b">NLR02</subfield>
    <subfield code="c">NLR02</subfield>
    <subfield code="e">RFS</subfield>
    <subfield code="f">5206628-10</subfield>
    <subfield code="k">58-2/355</subfield>
    <subfield code="o">0</subfield>
    <subfield code="r">BOOK</subfield>
    <subfield code="s">582355_</subfield>
  </datafield>
</record>
